000 00596nam a2200193 i 4500
001 23913
003 ES-MaACL
005 20230906152945.0
007 t|
008 021213s1962 sp ||||1| spa d
100 1 _aAnquín, Nimio de.
_921820
245 1 0 _aEnte y ser
_b: perspectivas para una filosofía del ser naciente /
_cNimio de Anquín.
260 _aMadrid :
_bGredos,
_c[1962]
300 _a219 p. ;
_c22 cm.
490 1 _aBiblioteca hispánica filosófica
830 0 _aBiblioteca hispánica filosófica
_9229059
852 _aES-MaACL
_jC-22400
_bR.50819
999 _c23913
_d23913